KOHA-Header-6

Trespassing (Record no. 13637)

000 -LEADER
fixed length control field 00300nam a22001337a 4500
020 ## - INTERNATIONAL STANDARD BOOK NUMBER
ISBN 0 00 715277 9
082 ## - DEWEY DECIMAL CLASSIFICATION NUMBER
Classification number 823.92
Item number KHA
100 ## - MAIN ENTRY--AUTHOR NAME
Personal name Uzma Aslam Khan
245 ## - TITLE STATEMENT
Title Trespassing
260 ## - PUBLICATION, DISTRIBUTION, ETC. (IMPRINT)
Place of publication London
Name of publisher Flamingp
Year of publication 2003
300 ## - PHYSICAL DESCRIPTION
Number of Pages Viii, 448 Pages
650 ## - SUBJECT ADDED ENTRY--TOPICAL TERM
Topical Term Novel, English Novel
942 ## - ADDED ENTRY ELEMENTS (KOHA)
Koha item type Books
Holdings
Withdrawn status Lost status Collection code Permanent Location Current Location Shelving location Date acquired Full call number Accession Number Koha item type
    English Literature MAJU MAJU Shelf No.A23 2023-01-05 823.92 KHA 10732 Books

Powered by Koha